banner koha

Flora das cangas da Serra dos Carajás, Pará, Brasil: Polygalaceae (Registro n. 331009)

MARC details
000 -LÍDER
fixed length control field 02049nab a2200253 i 4500
003 - CÓDIGO MARC DA AGÊNCIA CATALOGADORA
Campo de controle BR-BrBNA
005 - DATA E HORA DA ÚLTIMA ATUALIZAÇÃO
Campo de controle 20250414084924.0
008 - CAMPO DE TAMANHO FIXO
fixed length control field 250414b2016 bl.qr|pooa||| 00| 0 por |
040 ## - FONTE DA CATALOGAÇÃO
Agência catalogadora BR-BrBNA
Idioma da catalogação por
072 ## - CATEGORIA AGRIS
Código AGRIS F70
100 ## - ENTRADA PRINCIPAL - NOME PESSOAL
Nome pessoal Pastore, José Floriano Barêa
100 ## - ENTRADA PRINCIPAL - NOME PESSOAL
Nome pessoal Silveira, João Barros da
245 ## - TÍTULO PRINCIPAL
Título principal Flora das cangas da Serra dos Carajás, Pará, Brasil: Polygalaceae
500 ## - NOTA GERAL
Nota geral Publicação on-line; 15 ref.; 2 illus.; Summaries (En, Pt)
942 ## - ADDED ENTRY ELEMENTS (KOHA)
Koha item type Analítica
520 ## - NOTA DE RESUMO
Nota de conteúdo <br/><br/>Resumo<br/><br/>Apresenta-se um estudo florístico das espécies de Polygalaceae ocorrentes nas cangas da Serra dos Carajás<br/>(Pará). São apresentadas descrições, chaves taxonômicas, ilustrações e comentários taxonômicos dos táxons.<br/>Neste estudo foram encontradas seis espécies distribuídas em quatro gêneros: Bredemeyera divaricata, B.<br/>floribunda, Caamembeca spectabilis, Polygala adenophora, Securidaca diversifolia e S. rivinifolia, nenhuma<br/>delas endêmica da região ou do estado do Pará.<br/><br/>Palavras-chave: FLONA Carajás, florística.<br/><br/><br/><br/><br/>Abstract<br/><br/>A floristic treatment of Polygalaceae species from the cangas of the Serra dos Carajás (state of Pará, Brazil)<br/>is presented. We provide descriptions, taxonomic keys, illustrations, and taxonomic notes for Polygalaceae<br/>taxa from cangas. Six species were found, distributed in four genera: Bredemeyera divaricata, B. floribunda, <br/>Caamembeca spectabilis, Polygala adenophora, Securidaca diversifolia e S. rivinifolia, none of them endemic<br/>to the region or the state of Pará.<br/><br/>Key words: FLONA Carajás, floristics.
650 ## - ASSUNTO - THESAGRO
Cabeçalho tópico ou nome geográfico CARAJÁS
650 ## - ASSUNTO - THESAGRO
Cabeçalho tópico ou nome geográfico COMPOSIÇÃO BOTÂNICA
650 ## - ASSUNTO - THESAGRO
Cabeçalho tópico ou nome geográfico TAXONOMIA
650 ## - ASSUNTO - THESAGRO
Cabeçalho tópico ou nome geográfico POLYGALACEAE
773 0# - ENTRADA ANALÍTICA
Host Biblionumber 709
Registro do item 349694
Imprenta Rio de Janeiro-RJ Jardim Botanico do Rio de Janeiro 1935
Outro identificador 2025-2214
Título Rodriguésia (Brazil)
ISSN 0370-6583; 2175-7860 on-line
Colação v. 67(5 special number) p. 1451-1458; (2016)
Número de controle de registro BR2025000676
856 ## - ACESSO E ENDEREÇO ELETRÔNICO
Identificador uniforme de recurso - URI https://www.scielo.br/j/rod/a/cbTNfvgPRTxB66XskfdVcLb/?format=pdf&lang=pt

Nenhum exemplar disponível.

BINAGRI

Telefone: (61)3218-2567/2388/3357/2097 - binagri@agro.gov.br

Ministério da Agricultura e Pecuária , Esplanada dos Ministérios, Bloco D, Anexo B, Brasília/DF, CEP: 70.043-900